Online Catalogue and eLibrary

Yarlpanaththil Pulaimaiththuva Marapu : (Record no. 2042)

MARC details
000 -LEADER
fixed length control field 00264nam a2200097Ia 4500
008 - FIXED-LENGTH DATA ELEMENTS--GENERAL INFORMATION
fixed length control field 240331s9999 xx 000 0 und d
082 ## - DDC Classification
Item Number - Author Mark SIV
100 ## - MAIN ENTRY--PERSONAL NAME
Personal name Sivathamby, Karthigesu
245 #0 - TITLE STATEMENT
Title Yarlpanaththil Pulaimaiththuva Marapu :
Remainder of title Orr Illakkiya Kannoddam
942 ## - Koha item type (Biblio)
Koha item type Books in Stacks (Lending)
Holdings
Lost status Damaged status Collection code Home library Current library Shelving location Date acquired Full call number Accession Number Item type
    Lending WERC Library WERC Library Social Science Cupboard 03/31/2024 305.8 SIV 2162 Books in Stacks (Lending)

© WERC Library